Statystyki dla Wymień członków Teamu X

Kliknij tutaj aby rozwiązać quiz!

Ogólne statystyki

  • Ten quiz został rozwiązany 817 razy
    (786 od ostatniego zresetowania)
  • Średni wynik to 6 z 14

Statystyki odpowiedzi

Odpowiedź% Poprawnych
1Stuu
90%
5Marcin Dubiel
86%
3Julia Kostera
80%
11Natsu
79%
4Lexy Chaplin
75%
2Kacper Blonsky
65%
13Michał Gała
36%
9Czarek Czaruje
35%
6Agata
29%
8Fanka
25%
7Xavier
19%
12Adis
8%
10Kubaoxo
8%
14Warjat Radek
5%

Rozkład punktacji

Percentyl według liczby udzielonych odpowiedzi

Procent ludzi z każdym wynikiem

Twoja historia wyników

Nie rozwiązałeś tego quizu od ostatniego zresetowania